|
|
|
|
| LEADER |
00000nam0a2200000 4500 |
| 001 |
234382 |
| 005 |
20231101231321.0 |
| 035 |
|
|
|a (RuTPU)RU\TPU\book\255505
|
| 090 |
|
|
|a 234382
|
| 100 |
|
|
|a 20130325d2012 m y0rusy50 ca
|
| 101 |
0 |
|
|a rus
|
| 102 |
|
|
|a RU
|
| 105 |
|
|
|a a j 001zy
|
| 200 |
1 |
|
|a Теория сварочных процессов. Превращения в металлах при сварке
|e учебное пособие
|f Р. И. Дедюх
|g Национальный исследовательский Томский политехнический университет (ТПУ)
|
| 210 |
|
|
|a Томск
|c Изд-во ТПУ
|d 2012
|
| 215 |
|
|
|a 155 с.
|c ил.
|
| 320 |
|
|
|a Библиогр.: с. 152-153.
|
| 330 |
|
|
|a В пособии изложены современные представления о важнейших проблемах формирования свойств сварного соединения. Основное внимание уделено процессам превращений, происходящих в металлах под воздействием термодеформационного цикла сварки. Рассмотрены процессы образования сварных соединений и формирования первичной структуры металла шва, фазовые и структурные превращения в металле в твердом состоянии, природа и механизм образования горячих и холодных трещин при сварке. Приведены данные о свариваемости сталей отдельных групп. Предназначено для студентов, обучающихся по направлению 150700 «Машиностроение», профиль «Оборудование и технология сварочного производства», а также может быть полезно инженерно-техническим работникам сварочного производства.
|
| 452 |
|
1 |
|0 (RuTPU)RU\TPU\book\257698
|t Теория сварочных процессов. Превращения в металлах при сварке
|o учебное пособие
|f Р. И. Дедюх
|g Национальный исследовательский Томский политехнический университет (ТПУ), Институт неразрушающего контроля (ИНК), Кафедра оборудования и технологии сварочного производства (ОТСП)
|c Томск
|n Изд-во ТПУ
|d 2012
|a Дедюх, Ростислав Иванович
|
| 606 |
1 |
|
|a Материалы
|x Поведение при сварке
|2 stltpush
|3 (RuTPU)RU\TPU\subj\68147
|9 83648
|
| 610 |
1 |
|
|a сварка
|
| 610 |
1 |
|
|a металлы
|
| 610 |
1 |
|
|a кристаллическое строение
|
| 610 |
1 |
|
|a свариваемость
|
| 610 |
1 |
|
|a кристаллизация
|
| 610 |
1 |
|
|a свариваемые металлы
|
| 610 |
1 |
|
|a фазовые превращения
|
| 610 |
1 |
|
|a структурные превращения
|
| 610 |
1 |
|
|a сталь
|
| 610 |
1 |
|
|a низкоуглеродистые стали
|
| 610 |
1 |
|
|a легированные стали
|
| 610 |
1 |
|
|a высокохромистые стали
|
| 610 |
1 |
|
|a аустенитные стали
|
| 610 |
1 |
|
|a разнородные стали
|
| 610 |
1 |
|
|a учебные пособия
|
| 610 |
1 |
|
|a труды учёных ТПУ
|
| 675 |
|
|
|a 621.791.01(075.8)
|v 3
|
| 700 |
|
1 |
|a Дедюх
|b Р. И.
|c специалист в области машиностроения
|c доцент Томского политехнического университета, кандидат технических наук
|c заместитель директора Института физики высоких технологий Томского политехнического университета
|f 1943-
|g Ростислав Иванович
|2 stltpush
|3 (RuTPU)RU\TPU\pers\27254
|
| 712 |
0 |
2 |
|a Национальный исследовательский Томский политехнический университет (ТПУ)
|c (2009- )
|2 stltpush
|3 (RuTPU)RU\TPU\col\15902
|
| 801 |
|
1 |
|a RU
|b 63413507
|c 20130325
|
| 801 |
|
2 |
|a RU
|b 63413507
|c 20171018
|g RCR
|
| 942 |
|
|
|c BK
|